[Event "Reykjavik op"]
[Site "Reykjavik"]
[Date "2011.03.12"]
[Round "4.75"]
[White "Fivelstad, Jon Olav"]
[Black "Sigurdarson, Emil"]
[Result "1-0"]
[WhiteElo "1854"]
[BlackElo "1694"]
[PlyCount "147"]
[EventDate "2011.03.09"]
[EventType "swiss"]
[EventRounds "9"]
[EventCountry "ISL"]
[SourceTitle "CBM 141 Extra"]
[Source "ChessBase"]
[SourceDate "2011.05.03"]
[SourceVersion "1"]
[SourceVersionDate "2011.05.03"]
[SourceQuality "1"]

1. c4 e6 2. Nf3 d5 3. g3 Nf6 4. b3 c5 5. Bg2 Be7 6. 0-0 0-0 7. Bb2 Nc6 8. cxd5 Nxd5 9. Na3 Bf6 10. Nc4 Bxb2 11. Nxb2 b6 12. Nc4 Bb7 13. d4 Nxd4 14. Nxd4 cxd4 15. Qxd4 Qe7 16. Qe5 Rfd8 17. Rad1 f6 18. Qb2 Nb4 19. Bxb7 Qxb7 20. a3 Nc6 21. b4 b5 22. Nd6 Qb8 23. Ne4 Ne5 24. Nc5 Nc4 25. Qc3 Qb6 26. a4 a6 27. a5 Qc6 28. Rd4 e5 29. Rd3 Rd6 30. Rfd1 Rad8 31. Rxd6 Rxd6 32. Rxd6 Qxd6 33. Qd3 Qc6 34. Qd7 Qxd7 35. Nxd7 Kf7 36. Nc5 Ke7 37. Kf1 Kd6 38. Nxa6 Na3 39. Ke1 Nc2+ 40. Kd2 Nd4 41. Nc5 f5 42. e3 Nc6 43. a6 Kc7 44. Kc3 Kb6 45. h4 e4 46. Ne6 g6 47. Nf8 Kxa6 48. Nxh7 Kb6 49. Nf8 Ne7 50. Nxg6 Nxg6 51. Kd4 Kc6 52. h5 Ne7 53. Ke5 Kd7 54. Kf6 Nd5+ 55. Kf7 Nxb4 56. h6 Nc6 57. h7 Ne5+ 58. Kg7 b4 59. h8Q Nd3 60. Qb8 Ke6 61. Qb6+ Kd5 62. Qd4+ Kc6 63. Qc4+ Kb6 64. Kf6 Ka5 65. Kxf5 Ka4 66. Kxe4 Nxf2+ 67. Kf3 Nh3 68. Qa6+ Kb3 69. Qe6+ Kc2 70. Qxh3 b3 71. Qg2+ Kb1 72. g4 b2 73. Qxb2+ Kxb2 74. g5 1-0

[Event "Reykjavik op"]
[Site "Reykjavik"]
[Date "2010.03.01"]
[Round "7"]
[White "Fivelstad, Jon Olav"]
[Black "Thorgeirsson, Sverrir"]
[Result "0-1"]
[WhiteElo "1837"]
[BlackElo "2176"]
[PlyCount "102"]
[EventDate "2010.02.24"]
[EventType "swiss"]
[EventRounds "9"]
[EventCountry "ISL"]
[SourceTitle "CBM 135 Extra"]
[Source "ChessBase"]
[SourceDate "2010.05.04"]
[SourceVersion "1"]
[SourceVersionDate "2010.05.04"]
[SourceQuality "1"]

1. d4 e6 2. c4 d5 3. Nf3 Nf6 4. g3 Bb4+ 5. Bd2 Be7 6. Bg2 0-0 7. 0-0 c6 8. Qc2 b6 9. b3 Bb7 10. Bc3 Nbd7 11. Nbd2 Qc7 12. Bb2 Rac8 13. Rac1 Qb8 14. Qb1 dxc4 15. Nxc4 c5 16. Nce5 Nxe5 17. dxe5 Nd7 18. Rfd1 Rfd8 19. Qc2 Bxf3 20. exf3 Nxe5 21. f4 Ng6 22. f5 Nf8 23. Qe4 Rxd1+ 24. Rxd1 Rd8 25. Re1 Bg5 26. f4 Bf6 27. Bxf6 gxf6 28. Bh3 Rd6 29. Qf3 Qd8 30. Bf1 Rd2 31. a4 exf5 32. Bg2 Ne6 33. Qa8 Qxa8 34. Bxa8 Rd3 35. Rb1 a5 36. Kf2 Nd4 37. Bd5 Rd2+ 38. Ke3 Rxh2 39. Kd3 Kf8 40. Re1 Rh3 41. Re3 h5 42. Bg2 Rh2 43. Bd5 h4 44. gxh4 Rxh4 45. Re1 Rxf4 46. Rh1 Ne6 47. Ba8 Rd4+ 48. Ke3 f4+ 49. Kf3 Rd3+ 50. Kg4 Rxb3 51. Kf5 Ke7 0-1